000 00438nam a2200193Ia 4500
005 20250425161711.0
008 250425s9999 xx 000 0 und d
020 _a0852381352
041 _aeng
082 _a639.3755
245 0 _aTROUT FARMING HANDBOOK
250 _a4TH ED.
260 _aEstados Unidos
_bSEELEY, SERVICE & GO
_c1985
260 _aS.L.
300 _a163
650 _aTRUCHA
942 _c01
010 _a26158
999 _c214344
_d214344